| 000 | 01275nam a2200349 i 4500 | ||
|---|---|---|---|
| 003 | DO-SdBPM | ||
| 005 | 20260428112906.0 | ||
| 007 | ta | ||
| 008 | 260213b2025 dr ||||| |||| 00| 0 spa d | ||
| 020 | _a9789945525021 | ||
| 040 |
_aDO-SdBPM _bspa _cBPMSU _erda _d |
||
| 041 | _aspa | ||
| 082 | 0 | 4 |
_a928. _bM938f 2025 _222 |
| 100 | 1 |
_aMoya Pons, Frank, _d1944- _eautor _4aut. |
|
| 100 | z |
_aPons, Frank Moya, _d1944- |
|
| 100 | z |
_aMoya, Frank, _d1944- |
|
| 245 | 1 | 0 |
_aFrank Moya Pons : _bperfil académico / _cFrank Moya Pons ; edicción y coordinación, Clara Dobarro ; traducción Lisette Vega |
| 264 | 4 |
_aSanto Domingo : _bEditora Nacional, _c©2025. |
|
| 300 |
_a243 páginas ; _c26 cm. |
||
| 336 |
_atexto _btxt _2rdacontent |
||
| 337 |
_asin mediación _bn _2rdamedia |
||
| 338 |
_avolumen _bnc _2rdacarrier |
||
| 500 | _aIncluye datos biográficos dl autor en las solapas | ||
| 500 | _aIncluye referencias bibliográficas y notas al pie de la páginas | ||
| 590 | _aInventariado, 2026/BT | ||
| 600 | 1 | 7 |
_aMoya Pons, Frank _d1944- |
| 650 | 7 |
_a Historiadores _zRepública Dominicana _x Biografías |
|
| 700 | 1 |
_aDobarro, Clara, _e coordinadora _4 |
|
| 700 | 1 |
_aVega, Lisette _etraductor _4 |
|
| 910 | _aVMateo V. Control de calidad. BPMSU | ||
| 942 |
_2ddc _cBK |
||
| 999 |
_c15803 _d15803 |
||